| 000 | 00532nam a2200229Ia 4500 | ||
|---|---|---|---|
| 008 | 210210b2019 xxu||||| |||| 00| 0 eng d | ||
| 041 | _aeng | ||
| 082 | _a339 SHIM | ||
| 100 | _aSHISHILA (B Prabhakara) | ||
| 245 | _aMacro economics analysis: for BA II sem | ||
| 260 |
_aMangaluru _bUnited Publishers _c2019 |
||
| 300 | _axii,200 | ||
| 650 | _asem | ||
| 650 | _aMacro | ||
| 650 | _aII | ||
| 650 | _afor | ||
| 650 | _aeconomics | ||
| 650 | _aBA | ||
| 650 | _aanalysis: | ||
| 690 | _aMacroeconomics | ||
| 906 | _a073847 | ||
| 999 |
_c123596 _d123596 |
||